Normal view MARC view

Entry Personal Name

Number of records used in: 1

001 - CONTROL NUMBER

  • control field: 9438

003 - CONTROL NUMBER IDENTIFIER

  • control field: DLC

005 - DATE AND TIME OF LATEST TRANSACTION

  • control field: 20230907130803.0

008 - FIXED-LENGTH DATA ELEMENTS

  • fixed length control field: 061023n| acannaabn |a aaa

010 ## - LIBRARY OF CONGRESS CONTROL NUMBER

  • LC control number: n 2006216357

040 ## - CATALOGING SOURCE

  • Original cataloging agency: DLC
  • Language of cataloging: eng
  • Transcribing agency: DLC

100 1# - HEADING--PERSONAL NAME

  • Personal name: Mannathukkaren, Nissim

400 0# - SEE FROM TRACING--PERSONAL NAME

  • Personal name: Nissim Mannathukkaren

670 ## - SOURCE DATA FOUND

  • Source citation: The rupture with memory, c2006:
  • Information found: t.p. (Nissim Mannathukkaren) prelim. p. 1 (trained in pol. sc., Jawaharlal Nehru U., New Delhi, Queen's U., Canada; teaches at Int. Development Studies Dept., Dalhousie U., Canada)

Powered by Koha